| 000 | 00554cam a22001697a 4500 | ||
|---|---|---|---|
| 008 | 180718b1969 xxu||||| |||| 00| 0 eng d | ||
| 020 | _a435 82220 9 | ||
| 082 | _aJ711 C838 | ||
| 100 | _aCowan, Peter | ||
| 245 |
_aOffice a facet of Urban growth _cby Peter Cowan and Daniel Fine...[et.al.] |
||
| 260 |
_aLondon _bHeinemann Ediucational Books _c1969 |
||
| 300 | _axi, 280p | ||
| 650 | _aLondon (England) -Buildings, structures, etc. | ||
| 650 | _aCity planning -England -London | ||
| 650 | _aOffice buildings -England -London | ||
| 700 | _aFine, Daniel | ||
| 999 |
_c409934 _d409934 |
||